LEADER 01020nam a2200229 u 4500 001 000000110624 003 CaOOAMICUS 005 20080313112847.0 008 080313s1907 sz a u000 u fre u 040 $aPUL$bita$dLDB 245 04$aLes grands courants de la pensée mathematique /$cprésentés par F. Le Lionnais. 260 $a[Marseille] :$bCahiers du Sud,$c1948. 300 $a533 p. :$bill. ;$c24 cm. 490 1 $aHumanisme scientifique de demain 650 14$aMatematica$xFilosofia.$0(OLS)http://pul/subject/20379 700 1 $aLe Lionnais, François,$d1901-1984.$0(OLS)http://pul/name/67814 830 0$aHumanisme scientifique de demain.$0(OLS)http://pul/title/139112 850 $aPUL 852 $aPUL$W1$xDP1 Filosofia 1$y19$m745 E 39$j126719$qStampati$B125444$CPULBib$Z2$F125444 $H18365 $82 941 1 $a8 996 $6245$aLes grands courants de la pensée mathematique$9(OLS)http://pul/title/139110 996 $6260$a[Marseille] :$bCahiers du Sud$9(OLS)http://pul/publisher/79798 LEADER 01235nam a2200313 a 4500 001 000000125141 003 CaOOAMICUS 005 20110428124756.0 008 110428s2011 it u000 u ita r 020 $a978-88-15-14648-9 040 $aPUL$bita 082 04$a261.7 100 1 $aGiovagnoli, Agostino,$d1952-$0(OLS)http://pul/name/5544 245 10$aChiesa e democrazia :$bla lezione di Pietro Scoppola /$cAgostino Giovagnoli. 260 $aBologna :$bIl Mulino,$c©2011. 300 $a293 p. ;$c21 cm 490 1 $aSaggi ;$v746 500 $aInclude indice. 504 $aBibliografia in nota. 650 4$aChiesa e stato$zItalia.$0(OLS)http://pul/subject/1175 830 0$aSaggi (Il Mulino) ;$v746.$0(OLS)http://pul/title/7843 850 $aPUL 852 $aPUL$W1$xSL Religione 3$y85$m261. 7 GIOAG 1$j144064$qDDC 21$B143120$CPULBib$Z2$F143120 $H116732 $82 941 1 $a9 996 $6020$a978-88-15-14648-9$9(OLS)http://pul/number/146997 996 $6082$a261.7$9(OLS)http://pul/classification/578 996 $6245$aChiesa e democrazia :$bla lezione di Pietro Scoppola$9(OLS)http://pul/title/157763 996 $6260$aBologna :$bIl Mulino$9(OLS)http://pul/publisher/47928